000 00298cam a22001097a 4500
008 180718b1950 xxu||||| |||| 00| 0 eng d
082 _aI54803x54 H995
245 _aThe journalism and press act
260 _aHyderabad
_bHyderabad govt. press
_c1950
300 _a28+p
440 _aNo. 12 of 1357 fasli
999 _c398203
_d398203